00321nam a2200121Ia 4500008004100000020001800041041000800059100001800067245002000085260003100105300001900136520004400155240719s9999 xx 000 0 und d a9789389109177 aeng aN. Sundaresha aThe Dirty Dozen aNew DehlibMacmillanc2019 a312;. P. 24 Cm aFaculty Purchase By Dr. Jitendra Sharma